1791 1177 1182 1584 1783 1500 1586 1196 1627 1974 1790 1632 1127 1114 1228 1927 1868 1948 1220 1054 1602 1193 1208 1557 1807 1349 1272 1538 1508 1303 1315 1756 1334 1232 1234 1558 1841 1022 1141 1884 1111 1544 1213 1785 1736 1458 1318 1232 1917 1206 1751 1986 1516 1641 1589 1605 1757 1084 1232 1692 1958 1017 1363 1928 1715 1430 1898 1057 1425 1070 1222 1714 1826 1950 1668 1024 1792 1901 1291 1434 1962 1472 1280 1273 1226 1719 1019 1428 1231 1903 1019 1525 1969 1966 1253 1266 1264 1074 1266 BCNSPRNW ULIB Ver.6.0+V

เปลี่ยนเป็นภาษาไทย

Change to English
 แสดงรายละเอียดบรรณานุกรม
  กลับหน้าหลัก

Brief Record : Get Marc (ISO 2709) : E-mail record : QR code < ปิดหน้าต่าง
LEADER : 00000nam 2200000uu 4500
001    13399112592
003     ULIB
008    110826s2551||||th 000 0 tha d
020    9789740626442
050  4 HQ772^bS111ส 2551
110 2  ซัมซุงพับลิชิง คอมพานี
245 10 สมองซีกขวาพัฒนาได้ไร้ขีดจำกัด สำหรับ 3-4 ปี /^cซัมซุงพับลิชิง คอมพานี
250    พิมพ์ครั้งที่ 1
260    กรุงเทพฯ :^bนานมีบุ๊คส์พับลิเคชั่นส์ ,^c2551
300    96 หน้า :^bภาพประกอบ
945    ^p195^l0^i024682
945    ^p195^l0^i024683
995    ทศพร
999 ^a ทศพร
รายการนี้ยังไม่มีแท็ก
คุณยังไม่ได้ล็อกอิน คุณสามารถมีกิจกรรมร่วมกับเว็บไซต์ได้ แต่ต้องล็อกอินก่อน ::
  ล็อกอิน

รายการสื่อสารสนเทศ

ลำดับที่ ประเภท เลขเรียก/บาร์โค้ด สถานที่ สถานะ
- ไม่พบข้อมูล -

BibComment


ยังไม่เคยถูกคอมเมนท์

คอมเมนท์ทรัพยากรรายการนี้
  คอมเมนท์: สมองซีกขวาพัฒนาได..


 Copyright 2026. Bcnsprnw @Library